[Event "Michigan Collegiate"]
[Site "?"]
[Date "1992.03.14"]
[Round "3"]
[White "Rosenberg, Steve"]
[Black "Aldrich, Jeff"]
[Result "0-1"]
[WhiteElo "1778"]
[BlackElo "1896"]
[PlyCount "120"]
[EventDate "1992.??.??"]

1. Nf3 d5 2. g3 Nf6 3. Bg2 c6 4. d3 Nbd7 5. Nc3 e5 6. e4 Bc5 7. O-O O-O 8. Bg5
Qc7 9. exd5 cxd5 10. Nh4 e4 11. dxe4 dxe4 12. Nxe4 Nxe4 13. Bxe4 Qe5 14. Bf5
Nb6 15. Bxc8 Raxc8 16. Bc1 Rfd8 17. Qg4 Be7 18. c3 Rc6 19. Be3 h5 20. Qf5 Nc4
21. Bd4 Qxf5 22. Nxf5 Bf6 23. Bxf6 Rxf6 24. Nd4 Nxb2 25. Rab1 Rb6 26. f4 Na4
27. Rxb6 Nxb6 28. Re1 Rd7 29. Nf3 f6 30. Nd4 Na4 31. Rc1 Nxc3 32. Rxc3 Rxd4 33.
Rc7 Rb4 34. Kg2 Rb2+ 35. Kh3 Rxa2 36. Rxb7 a5 37. g4 hxg4+ 38. Kxg4 Kh7 39. h4
a4 40. Ra7 a3 41. Kh5 Ra1 42. f5 a2 43. Ra3 Rf1 44. Rxa2 Rxf5+ 45. Kg4 Rf1 46.
Ra5 Kg6 47. Ra6 Rg1+ 48. Kh3 Kh6 49. Rb6 Rf1 50. Kg4 g6 51. Kg3 Kh5 52. Rb4 f5
53. Kg2 Re1 54. Kg3 Re4 55. Rb7 Rg4+ 56. Kf3 Rxh4 57. Rb5 Kg5 58. Rb6 Rh3+ 59.
Kg2 Rc3 60. Rb4 f4 0-1

[Event "Michigan Collegiate"]
[Site "?"]
[Date "1992.03.14"]
[Round "2"]
[White "Aldrich, Jeff"]
[Black "Mellen, Steve"]
[Result "0-1"]
[WhiteElo "1896"]
[BlackElo "1998"]
[PlyCount "74"]
[EventDate "1992.??.??"]

1. d4 Nf6 2. c4 g6 3. Nc3 Bg7 4. e4 d6 5. Nf3 O-O 6. Be2 e5 7. d5 a5 8. O-O c6
9. Qc2 cxd5 10. cxd5 Na6 11. Na4 Bd7 12. Bxa6 Rxa6 13. Nd2 Nh5 14. Qb3 b5 15.
Nc3 b4 16. Ne2 Ra7 17. Nc4 Bb5 18. Re1 Qc7 19. Ne3 f5 20. exf5 gxf5 21. Nf1 f4
22. Qf3 Qf7 23. Nd2 Nf6 24. a3 Nxd5 25. axb4 Nxb4 26. Nc3 Bc6 27. Qe2 Nc2 28.
Ra3 Nxe1 29. Qxe1 f3 30. Nce4 fxg2 31. Nxd6 Qd5 32. N2e4 Rd7 33. Rxa5 Qd3 34.
Ra3 Qf1+ 35. Qxf1 gxf1=Q+ 36. Kxf1 Bxe4 37. Nxe4 Rd1+ 0-1

[Event "Boynton Action Hexagonal"]
[Site "Detroit, Mich."]
[Date "1992.03.15"]
[Round "3"]
[White "Stefanski, Mark"]
[Black "Moody, David"]
[Result "0-1"]
[WhiteElo "1956"]
[BlackElo "2002"]
[PlyCount "46"]
[EventDate "1992.03.15"]

1. e4 e5 2. Nc3 Nf6 3. Bc4 Nxe4 4. Bxf7+ Kxf7 5. Nxe4 d5 6. Qf3+ Kg8 7. Nc3 Be6
8. Qe2 Nc6 9. Nf3 Bd6 10. Nb5 Qf6 11. Nxd6 cxd6 12. d3 Bg4 13. Be3 e4 14. dxe4
Qxb2 15. O-O Qf6 16. exd5 Ne5 17. Rfb1 Rf8 18. Rxb7 Nxf3+ 19. gxf3 Qxa1+ 20.
Kg2 Bxf3+ 21. Qxf3 Rxf3 22. Kxf3 Qf6+ 23. Ke2 h6 0-1

[Event "Boynton Action Hexagonal"]
[Site "Detroit, Mich."]
[Date "1992.03.15"]
[Round "2"]
[White "Rajlich, Vasik"]
[Black "Moody, David"]
[Result "1/2-1/2"]
[WhiteElo "2090"]
[BlackElo "2002"]
[PlyCount "95"]
[EventDate "1992.03.15"]

1. e4 e5 2. Nf3 Nf6 3. Nxe5 d6 4. Nf3 Nxe4 5. Qe2 Qe7 6. d3 Nf6 7. Bg5 Nbd7 8.
d4 Qxe2+ 9. Bxe2 Ne4 10. Bh4 Be7 11. Bxe7 Kxe7 12. Nbd2 Ndf6 13. Nxe4 Nxe4 14.
Bd3 Nf6 15. O-O-O Bg4 16. Rde1+ Kd7 17. Nd2 Rhe8 18. h3 Bh5 19. Bf5+ Kc6 20. c4
Bg6 21. Bxg6 hxg6 22. Kc2 d5 23. c5 Ne4 24. f3 Ng3 25. Rxe8 Rxe8 26. Rd1 Ne2
27. Nb3 Nf4 28. Rd2 b6 29. cxb6 axb6 30. Nc1 Kd6 31. Nd3 Nxd3 32. Kxd3 c5 33.
dxc5+ bxc5 34. Re2 Ra8 35. b3 Ra3 36. Kc3 d4+ 37. Kb2 Ra7 38. a4 Kd5 39. Re8
Rd7 40. a5 Kc6 41. Kc2 Kb5 42. Ra8 Kb4 43. a6 Kb5 44. a7 Kb6 45. Kd3 Rxa7 46.
Rxa7 Kxa7 47. Kc4 Kb6 48. b4 1/2-1/2

[Event "Boynton Action Hexagonal"]
[Site "Detroit, Mich."]
[Date "1992.03.15"]
[Round "4"]
[White "Moody, David"]
[Black "Poschel, Paul"]
[Result "0-1"]
[WhiteElo "2002"]
[BlackElo "2309"]
[PlyCount "34"]
[EventDate "1992.03.15"]

1. e4 c5 2. c3 d5 3. exd5 Qxd5 4. d4 e6 5. Nf3 Nf6 6. Na3 Nc6 7. Nb5 Qd8 8.
dxc5 Bxc5 9. Bf4 Nd5 10. Bg3 a6 11. Nbd4 Nxd4 12. Nxd4 O-O 13. Bd3 Bxd4 14.
cxd4 Nb4 15. O-O Nxd3 16. Qxd3 Bd7 17. d5 Bb5 0-1

[Event "Boynton Action Hexagonal"]
[Site "Detroit, Mich."]
[Date "1992.03.15"]
[Round "1"]
[White "Moody, David"]
[Black "Gabbara, Faris"]
[Result "0-1"]
[WhiteElo "2002"]
[BlackElo "2041"]
[PlyCount "84"]
[EventDate "1992.03.15"]

1. e4 c5 2. c3 d5 3. exd5 Qxd5 4. d4 e6 5. Nf3 Nc6 6. Na3 Qd8 7. Nc4 Nf6 8. Bg5
h6 9. Bh4 g5 10. Bg3 cxd4 11. Nxd4 Nxd4 12. Qxd4 Qxd4 13. cxd4 Bb4+ 14. Kd1 Ne4
15. a3 Nxg3 16. hxg3 Be7 17. Ne5 a6 18. Rc1 Bd7 19. Rc7 Ba4+ 20. Kd2 Rd8 21.
Ke3 Rb8 22. Be2 Bd6 23. Nxf7 Bxc7 24. Nxh8 Kf8 25. Ng6+ Kg7 26. Ne5 Rd8 27. Bc4
Bb6 28. b3 Rxd4 29. Kf3 g4+ 30. Ke2 Re4+ 31. Kf1 Rxe5 32. bxa4 Ba5 33. Be2 Rc5
34. Bd1 Re5 35. Be2 Kg6 36. f4 Re3 37. Rh4 h5 38. Bc4 Be1 39. Kg1 Bxg3 40. Rh1
Re1+ 41. Bf1 h4 42. a5 Kf5 0-1

[Event "Boynton Quads (April)"]
[Site "Detroit, Mich."]
[Date "1992.04.05"]
[Round "1"]
[White "Roberts, Kenneth"]
[Black "Moody, David"]
[Result "0-1"]
[WhiteElo "1889"]
[BlackElo "2004"]
[PlyCount "84"]
[EventDate "1992.04.05"]

1. Nf3 Nf6 2. c4 g6 3. Nc3 Bg7 4. g3 O-O 5. Bg2 d6 6. O-O e5 7. e4 Nc6 8. d3
Bg4 9. h3 Bxf3 10. Bxf3 Nd4 11. Bg2 c6 12. Be3 Nd7 13. Qd2 Nc5 14. b4 Nce6 15.
Bh6 f5 16. Bxg7 Kxg7 17. exf5 Rxf5 18. h4 Nf3+ 19. Bxf3 Rxf3 20. Rae1 Nd4 21.
Re3 Qd7 22. Kg2 Raf8 23. Ne2 Rxe3 24. fxe3 Rxf1 25. Kxf1 Qh3+ 26. Kf2 Qh2+ 27.
Kf1 Qh1+ 28. Kf2 Qf3+ 29. Ke1 Nf5 30. d4 Nxe3 31. Qc1 Qf1+ 32. Kd2 Qxc1+ 33.
Kxc1 Nxc4 34. dxe5 Nxe5 35. Kc2 Kf6 36. Nd4 d5 37. b5 c5 38. Nb3 b6 39. a4 Kf5
40. a5 Kg4 41. a6 Nc4 42. Nc1 Na3+ 0-1

[Event "Boynton Quads (April)"]
[Site "Detroit, Mich."]
[Date "1992.04.05"]
[Round "3"]
[White "Moody, David"]
[Black "Drkulec, Vladimir"]
[Result "1/2-1/2"]
[WhiteElo "2004"]
[BlackElo "1981"]
[PlyCount "95"]
[EventDate "1992.04.05"]

1. e4 e5 2. Nf3 Nc6 3. d4 exd4 4. Bc4 Bb4+ 5. c3 dxc3 6. O-O cxb2 7. Bxb2 Nf6
8. Ng5 O-O 9. e5 d5 10. exf6 gxf6 11. Nxh7 Ne5 12. Nxf8 Nxc4 13. Bc3 Bxf8 14.
Qd4 Bg7 15. Rd1 Be6 16. Rd3 Nd6 17. Qh4 Ne4 18. Bb2 c5 19. Nd2 Nxd2 20. Rxd2 d4
21. Rd3 f5 22. Qh5 Kf8 23. Re1 Qa5 24. Rdd1 Qxa2 25. Bc1 Qd5 26. Bh6 Bxh6 27.
Qxh6+ Ke7 28. Qg5+ Kd6 29. h4 Kc6 30. h5 Rh8 31. h6 Qd8 32. f4 Qxg5 33. fxg5
Kd6 34. Ra1 a6 35. Rab1 b5 36. Ra1 Bc8 37. g4 d3 38. gxf5 Bxf5 39. Rxa6+ Kd5
40. Rf6 Bg6 41. Kf2 Kd4 42. Rd6+ Kc4 43. Rc1+ Kb4 44. Rb1+ Ka5 45. Ra1+ Kb4 46.
Rb1+ Ka5 47. Ra1+ Kb4 48. Rb1+ 1/2-1/2

[Event "Boynton Quads (April)"]
[Site "Detroit, Mich."]
[Date "1992.04.05"]
[Round "2"]
[White "Moody, David"]
[Black "Calton, Bill"]
[Result "0-1"]
[WhiteElo "2004"]
[BlackElo "2118"]
[PlyCount "38"]
[EventDate "1992.04.05"]

1. a3 g6 2. d4 Bg7 3. e4 d6 4. Bc4 Nf6 5. Qe2 d5 6. exd5 Nxd5 7. Qf3 c6 8. Nc3
Be6 9. Nge2 O-O 10. Nxd5 Bxd5 11. Bxd5 Qxd5 12. Qxd5 cxd5 13. Nc3 e6 14. Nb5
Nc6 15. c3 Rfd8 16. Bf4 a6 17. Nd6 Rd7 18. b4 e5 19. b5 exf4 0-1

[Event "St. Joseph Swiss (April)"]
[Site "St. Joseph, Mich."]
[Date "1992.04.11"]
[Round "4"]
[White "Moody, David"]
[Black "Mikuta, Joseph"]
[Result "0-1"]
[WhiteElo "2004"]
[BlackElo "1991"]
[PlyCount "40"]
[EventDate "1992.04.11"]

1. e4 e5 2. Nf3 Nc6 3. d4 exd4 4. Bc4 d6 5. Nxd4 Nxd4 6. Qxd4 Nf6 7. Nc3 Be7 8.
Bg5 O-O 9. O-O-O a6 10. Rhe1 b5 11. Bf1 Bb7 12. f3 c5 13. Qd2 Qa5 14. Kb1 b4
15. Nd5 Nxd5 16. exd5 Bxg5 17. Qxg5 Rfe8 18. Re7 Qd8 19. Rde1 Rxe7 20. Rxe7 Kf8
0-1

[Event "St. Joseph Swiss (April)"]
[Site "St. Joseph, Mich."]
[Date "1992.04.11"]
[Round "2"]
[White "Moody, David"]
[Black "Meyers, Phillip"]
[Result "1-0"]
[WhiteElo "2004"]
[BlackElo "1822"]
[PlyCount "27"]
[EventDate "1992.04.11"]

1. e4 Nf6 2. Nc3 d6 3. d4 Nbd7 4. Nf3 e5 5. Bc4 Be7 6. h3 O-O 7. Bg5 exd4 8.
Qxd4 Nc5 9. O-O-O Be6 10. e5 Bxc4 11. exf6 Bxf6 12. Bxf6 Ne6 13. Bxd8 Nxd4 14.
Rxd4 1-0

[Event "St. Joseph Swiss (April)"]
[Site "St. Joseph, Mich."]
[Date "1992.04.11"]
[Round "3"]
[White "Henderson, Harold"]
[Black "Moody, David"]
[Result "1/2-1/2"]
[WhiteElo "1890"]
[BlackElo "2004"]
[PlyCount "94"]
[EventDate "1992.04.11"]

1. d4 Nf6 2. c4 c5 3. d5 e6 4. Nc3 exd5 5. cxd5 d6 6. e4 g6 7. f4 Bg7 8. Nf3
O-O 9. Be2 Re8 10. e5 dxe5 11. fxe5 Ng4 12. Bg5 Qb6 13. O-O Nxe5 14. Nxe5 Bxe5
15. Bc4 Nd7 16. d6 Bd4+ 17. Kh1 Ne5 18. Nd5 Qc6 19. Nf6+ Kh8 20. Nxe8 Bh3 21.
Bf6+ Kg8 22. Qe2 Rxe8 23. Bxe5 Rxe5 24. Qf3 Qxf3 25. Rxf3 Be6 26. Bxe6 Rxe6 27.
d7 Rd6 28. Rd1 Rxd7 29. b4 b6 30. bxc5 bxc5 31. Rc3 Re7 32. Ra3 Rb7 33. h3 Kf8
34. Rb3 Rxb3 35. axb3 Ke7 36. Kh2 Kd6 37. Kg3 a5 38. Kf4 Kd5 39. Rc1 Bb2 40.
Rc4 Ba3 41. Kg5 Bb4 42. Rc2 Kd4 43. Kf6 Kd3 44. Rc1 Kd2 45. Rc4 Kd3 46. Rc1 Kd2
47. Rc4 Kd3 1/2-1/2

[Event "St. Joseph Swiss (April)"]
[Site "St. Joseph, Mich."]
[Date "1992.04.11"]
[Round "1"]
[White "Brooks, Brion"]
[Black "Moody, David"]
[Result "1/2-1/2"]
[WhiteElo "1768"]
[BlackElo "2004"]
[PlyCount "83"]
[EventDate "1992.04.11"]

1. d4 Nf6 2. c4 c5 3. d5 e6 4. Nc3 exd5 5. cxd5 d6 6. e4 g6 7. Nf3 Bg7 8. Be2
O-O 9. Bg5 a6 10. a4 Bg4 11. Nd2 Bxe2 12. Qxe2 Nbd7 13. O-O Re8 14. a5 Qc7 15.
f3 b5 16. axb6 Nxb6 17. Rxa6 c4 18. Rxa8 Rxa8 19. Be3 Nfd7 20. Nb5 Qb8 21. Nxc4
Nxd5 22. Ncxd6 Nxe3 23. Qxe3 Bxb2 24. Qb3 Bd4+ 25. Nxd4 Qxd6 26. Qd1 Ra2 27.
Rf2 Rxf2 28. Kxf2 Qxh2 29. Nb5 Qh4+ 30. Kg1 Qe7 31. Qd6 Qxd6 32. Nxd6 Kg7 33.
f4 Kf6 34. Kf2 Ke6 35. Nb5 h6 36. Kf3 g5 37. Nd4+ Kf6 38. e5+ Ke7 39. Nf5+ Ke6
40. Nxh6 gxf4 41. Kxf4 Nxe5 42. Nxf7 1/2-1/2

[Event "Lansing Mini-Swiss (April)"]
[Site "Lansing, Mich."]
[Date "1992.04.12"]
[Round "3"]
[White "Moody, David"]
[Black "Finegold, Ron"]
[Result "1/2-1/2"]
[WhiteElo "2004"]
[BlackElo "2191"]
[PlyCount "79"]
[EventDate "1992.04.12"]

1. e4 Nc6 2. d4 d5 3. e5 f6 4. Nf3 Bg4 5. Be2 e6 6. Bf4 Nge7 7. exf6 gxf6 8. h3
Bh5 9. c3 Bg7 10. Ne5 fxe5 11. Bxh5+ Kd7 12. dxe5 Bxe5 13. Bxe5 Nxe5 14. Na3
N7g6 15. Qa4+ c6 16. Rd1 Qg5 17. Bg4 Nxg4 18. hxg4 Nf4 19. g3 Qe5+ 20. Kf1 Qe2+
21. Kg1 Raf8 22. gxf4 Qxg4+ 23. Kf1 Rxf4 24. Qc2 Rg8 25. Qxh7+ Kc8 26. Ke1 Rgf8
27. Qh3 Re4+ 28. Kd2 Qe2+ 29. Kc1 Rxf2 30. Qh8+ Kc7 31. Rh7+ Kb6 32. Qd8+ Ka6
33. Rxb7 Qe3+ 34. Kb1 Kxb7 35. Qd7+ Ka6 36. Qc8+ Kb6 37. Qd8+ Ka6 38. Qc8+ Kb6
39. Qd8+ Ka6 40. Qc8+ 1/2-1/2

[Event "Lansing Mini-Swiss (April)"]
[Site "Lansing, Mich."]
[Date "1992.04.12"]
[Round "2"]
[White "Malumphy, Joseph"]
[Black "Moody, David"]
[Result "1/2-1/2"]
[WhiteElo "2009"]
[BlackElo "2004"]
[PlyCount "67"]
[EventDate "1992.04.12"]

1. e4 e5 2. Nf3 Nc6 3. Bb5 a6 4. Ba4 Nf6 5. O-O Be7 6. Re1 b5 7. Bb3 O-O 8. c3
d5 9. exd5 Nxd5 10. Nxe5 Nxe5 11. Rxe5 c6 12. g3 Bd6 13. Re1 Qd7 14. d4 Qh3 15.
Qd3 Bg4 16. Qf1 Qh5 17. Bd1 f5 18. f3 Bh3 19. Qf2 Rae8 20. Bd2 f4 21. g4 Qg5
22. Na3 h5 23. Nc2 hxg4 24. fxg4 Ne3 25. Nxe3 fxe3 26. Rxe3 Rxf2 27. Rxe8+ Kf7
28. Bb3+ Kxe8 29. Bxg5 Rg2+ 30. Kh1 Rxh2+ 31. Kg1 Rg2+ 32. Kh1 Rh2+ 33. Kg1
Rg2+ 34. Kh1 1/2-1/2

[Event "New York Open"]
[Site "New York, NY"]
[Date "1992.04.15"]
[Round "1"]
[White "Palatnik, Sam"]
[Black "Finegold, Mark"]
[Result "1-0"]
[WhiteElo "2616"]
[BlackElo "2257"]
[Annotator "Mark Finegold"]
[PlyCount "85"]
[EventDate "1992.04.??"]

{Caro-Kann: Panov} 1. c4 c6 2. e4 {White transposes to a Caro-Kann. I decided
to try out one of the sharp lines, on the theory that it's better to play
actively against a very strong opponent.} d5 3. exd5 Nf6 $5 {Take that, Mr. GM!
} (3... Nf6 {After} 4. dxc6 Nxc6 {Black gets rapid development and dark-square
control in exchange for the pawn. I'm not sure if this is considered adequate
compensation, but it must be worth something since Palatnik didn't accept the
gambit.}) 4. d4 cxd5 5. Nc3 Nc6 6. Nf3 Bg4 {The game has become a
Panov-Botvinnik Attack by transposition.} 7. cxd5 Nxd5 8. Qb3 Bxf3 9. gxf3 Nb6
({I believe this is less common than} 9... e6 {, probably because moving the
same piece three times while your king sits in the center looks a bit
suspicious. But I had a(nother) gambit idea I wanted to use.}) 10. d5 Nd4 11.
Qd1 e5 12. dxe6 Bc5 $5 13. Be3 $6 {This routine move leads to no advantage.
Taking on f7 is dangerous because of the open lines around White's king, but
at least White gets a pawn for his trouble.} Nxe6 14. Bb5+ Kf8 15. Qe2 Bxe3 $2
({This unnecessary capture repairs White's doubled pawns, strengthens his
center, and limits the scope of the Ne6. For some reason, I decided that I
wanted to defend the slightly inferior ending that arises a few moves later.
Much better is something like} 15... Qc7 {, with ....Nf4 or ...Re8 coming soon.
}) 16. fxe3 a6 17. Bd3 Qh4+ 18. Qf2 Qxf2+ $6 ({Better is} 18... Qh5) 19. Kxf2
Ke7 20. Rhd1 Rad8 21. Be2 Rxd1 {Since I end up playing ...f5 shortly, it might
have been better just to play it now. I was overly eager to exchange rooks
because I did not assess the minor piece ending properly.} 22. Rxd1 Rd8 23.
Rxd8 Nxd8 24. f4 f5 {Black was drifting into time pressure here (time control
was at move 30). In the endgame, it's better not to have a lot of pawns on the
same color as the opponent's bishop, and soon Black's position falls apart.}
25. Bf3 Kd7 26. Ke2 Nc4 27. Na4 b5 28. b3 (28. b3 {I had seen this idea, and I
was ready to play the desperado blunder} Nxe3 $4 {but at the last second I
noticed} 29. Nb6+ Kc7 30. Na8+ {(K-any)} Kd6 {and} 31. Kxe3 {winning.}) 28...
bxa4 29. bxc4 Ne6 30. Kd3 Kd6 {Black made the time control with a few seconds
to spare. But with weak pawns and a knight vs. a bishop, it's very bad.} 31.
Bd5 Nc5+ 32. Kd4 a3 $2 ({The last chance is} 32... h6 {, looking for pawn
exchanges. Now White mops up.}) 33. Bg8 Nb3+ 34. Kc3 Na5 35. Bxh7 Kc5 36. Bg8
Nb7 37. Bd5 Nd6 38. Kb3 Ne8 39. Be6 Nd6 40. h4 Ne4 41. Bxf5 Nd2+ 42. Kc2 Nxc4
43. Kd3 {And the pawns march in.} 1-0

[Event "Keith Oxnam Memorial Match Open"]
[Site "Birch Run, Mich."]
[Date "1992.04.25"]
[Round "1"]
[White "Muskan, Ron"]
[Black "Moody, David"]
[Result "0-1"]
[WhiteElo "1349"]
[BlackElo "2004"]
[PlyCount "60"]
[EventDate "1992.04.25"]

1. e4 e5 2. Bc4 Nf6 3. d3 Bc5 4. Nc3 Nc6 5. Bg5 d6 6. Nd5 Be6 7. Bxf6 gxf6 8.
f3 f5 9. Ne2 Bxd5 10. Bxd5 Qg5 11. Bxc6+ bxc6 12. g3 f4 13. h4 Qh5 14. g4 Qg6
15. d4 Bb6 16. dxe5 dxe5 17. c3 Rd8 18. Qc2 O-O 19. Rd1 Qf6 20. Rxd8 Rxd8 21.
Ng1 Be3 22. g5 Qe6 23. b3 Rd2 24. Qb1 Qd6 25. Nh3 Qa3 26. h5 Rxa2 27. g6 Ra1
28. gxh7+ Kh8 29. Ke2 Rxb1 30. Rxb1 Qa2+ 0-1

[Event "Keith Oxnam Memorial Match Open"]
[Site "Birch Run, Mich."]
[Date "1992.04.25"]
[Round "2"]
[White "Moody, David"]
[Black "Muskan, Ron"]
[Result "1-0"]
[WhiteElo "2004"]
[BlackElo "1349"]
[PlyCount "49"]
[EventDate "1992.04.25"]

1. e4 e5 2. Nf3 Nc6 3. d4 exd4 4. Bc4 Bb4+ 5. c3 dxc3 6. O-O cxb2 7. Bxb2 d6 8.
Bxg7 Bg4 9. Bxh8 f6 10. Bxg8 Kd7 11. Bd5 Qxh8 12. Bxc6+ bxc6 13. Ne5+ fxe5 14.
Qxg4+ Kd8 15. a4 a5 16. Na3 h5 17. Qg5+ Kc8 18. Nc2 Bc3 19. Ra3 Bb2 20. Rh3 Qh7
21. Rb1 Rb8 22. Rxh5 Qxe4 23. Qg8+ Kb7 24. Rxb2+ Qb4 25. Rxb4+ 1-0

[Event "Keith Oxnam Memorial Match Open"]
[Site "Birch Run, Mich."]
[Date "1992.04.25"]
[Round "7"]
[White "Moody, David"]
[Black "Kriseler, Mark"]
[Result "1-0"]
[WhiteElo "2004"]
[BlackElo "2008"]
[PlyCount "53"]
[EventDate "1992.04.25"]

1. e4 e6 2. d4 b6 3. c4 Bb7 4. Nc3 Bb4 5. d5 Qe7 6. Nf3 exd5 7. e5 dxc4 8. Bxc4
Bxc3+ 9. bxc3 Nc6 10. O-O O-O-O 11. Re1 Nh6 12. Bg5 Qc5 13. Bxd8 Nxd8 14. Qd3
Ne6 15. Rad1 Bc6 16. Ba6+ Kb8 17. Nd4 Nxd4 18. cxd4 Qd5 19. f3 Qxa2 20. Ra1 Qe6
21. Bc4 Qg6 22. Qa3 a5 23. Reb1 Kc8 24. d5 Bb7 25. d6 Re8 26. Qc3 f6 27. Bd3
1-0

[Event "Keith Oxnam Memorial Match Open"]
[Site "Birch Run, Mich."]
[Date "1992.04.25"]
[Round "6"]
[White "Moody, David"]
[Black "Hickey, Gene"]
[Result "0-1"]
[WhiteElo "2004"]
[BlackElo "2056"]
[PlyCount "54"]
[EventDate "1992.04.25"]

1. e4 b6 2. d4 Bb7 3. f3 e6 4. Be3 Nf6 5. Nd2 Na6 6. c3 c5 7. Qa4 cxd4 8. cxd4
Nb4 9. a3 Nc6 10. Bd3 Be7 11. Ne2 O-O 12. O-O Re8 13. Rac1 a6 14. Rc3 b5 15.
Qc2 b4 16. axb4 Nxb4 17. Qb3 Rb8 18. Bb1 a5 19. Rfc1 Ba6 20. Ng3 Nd3 21. Rxd3
Rxb3 22. Rxb3 Bb4 23. Nc4 d6 24. Bd3 d5 25. Nxa5 Qxa5 26. Bxa6 Qa4 27. Bb5 Qxb3
0-1

[Event "Keith Oxnam Memorial Match Open"]
[Site "Birch Run, Mich."]
[Date "1992.04.25"]
[Round "3"]
[White "Moody, David"]
[Black "Calton, Bill"]
[Result "1-0"]
[WhiteElo "2004"]
[BlackElo "2118"]
[PlyCount "33"]
[EventDate "1992.04.25"]

1. e4 c5 2. d4 cxd4 3. c3 dxc3 4. Nxc3 d6 5. Bc4 Nf6 6. e5 d5 7. Bb5+ Nfd7 8.
e6 fxe6 9. Qh5+ g6 10. Qe5 Rg8 11. Qxe6 a6 12. Qxg8 axb5 13. Bh6 d4 14. Qxh7
Ne5 15. Bxf8 dxc3 16. Rd1 Nd3+ 17. Rxd3 1-0

[Event "Keith Oxnam Memorial Match Open"]
[Site "Birch Run, Mich."]
[Date "1992.04.25"]
[Round "8"]
[White "Kriseler, Mark"]
[Black "Moody, David"]
[Result "1-0"]
[WhiteElo "2008"]
[BlackElo "2004"]
[PlyCount "53"]
[EventDate "1992.04.25"]

1. e3 e5 2. b3 d6 3. Bb2 Nd7 4. Nc3 Ngf6 5. Nf3 Be7 6. Qe2 O-O 7. O-O-O c6 8.
g4 Qa5 9. h4 b5 10. g5 Nd5 11. h5 N7b6 12. Bh3 b4 13. Nxd5 Nxd5 14. Bxc8 Raxc8
15. Kb1 c5 16. g6 h6 17. gxf7+ Kh8 18. Nh4 Bxh4 19. Rxh4 Nb6 20. Qg4 c4 21. Rg1
Rxf7 22. Qe6 Rcc7 23. Rhg4 cxb3 24. cxb3 Qd5 25. Qg6 Qxd2 26. f4 Rc2 27. Qxc2
1-0

[Event "Keith Oxnam Memorial Match Open"]
[Site "Birch Run, Mich."]
[Date "1992.04.25"]
[Round "5"]
[White "Hickey, Gene"]
[Black "Moody, David"]
[Result "1-0"]
[WhiteElo "2056"]
[BlackElo "2004"]
[PlyCount "73"]
[EventDate "1992.04.25"]

1. d4 e6 2. Nc3 d5 3. e4 Bb4 4. f3 c5 5. a3 Bxc3+ 6. bxc3 Nc6 7. Bb5 Nge7 8.
Ne2 Bd7 9. O-O Qb6 10. Bxc6 Nxc6 11. Be3 cxd4 12. cxd4 Na5 13. exd5 exd5 14.
Nf4 Qd6 15. Qe1 Nc4 16. Bd2+ Kd8 17. Qh4+ f6 18. Bb4 Qc6 19. Qg3 g5 20. Nd3 Ne3
21. Rfe1 Nf5 22. Qf2 b6 23. g4 Nh4 24. Be7+ Kc7 25. Nb4 Qc4 26. Re3 Qxd4 27.
Rc3+ Qxc3 28. Nxd5+ Kb7 29. Nxc3 Rhe8 30. Re1 Bc6 31. Ne4 Ka6 32. Qe2+ b5 33.
Nc5+ Kb6 34. Rf1 Rxe7 35. Qxe7 Re8 36. Nd7+ Ka6 37. Qxe8 1-0

[Event "Trenton Quads (April)"]
[Site "Trenton, Mich."]
[Date "1992.04.26"]
[Round "1"]
[White "Rajlich, Vasik"]
[Black "Moody, David"]
[Result "1-0"]
[WhiteElo "2038"]
[BlackElo "2004"]
[PlyCount "29"]
[EventDate "1992.04.26"]

1. e4 e5 2. Nf3 Nc6 3. d4 exd4 4. c3 dxc3 5. Bc4 cxb2 6. Bxb2 d6 7. Qb3 Qd7 8.
Bc3 Nf6 9. O-O Be7 10. Bxf7+ Kf8 11. Ng5 Qg4 12. f4 Nd8 13. h3 Qh4 14. Na3 h6
15. Be1 1-0

[Event "Trenton Quads (April)"]
[Site "Trenton, Mich."]
[Date "1992.04.26"]
[Round "3"]
[White "Moody, David"]
[Black "Gabbara, Faris"]
[Result "0-1"]
[WhiteElo "2004"]
[BlackElo "2053"]
[PlyCount "114"]
[EventDate "1992.04.26"]

1. e4 e5 2. Nf3 Nf6 3. Nxe5 d6 4. Nf3 Nxe4 5. d4 d5 6. Bd3 Bd6 7. O-O O-O 8.
Nbd2 Re8 9. Re1 Nxd2 10. Bxd2 Bg4 11. Rxe8+ Qxe8 12. Bxh7+ Kh8 13. Bd3 Nc6 14.
c3 Qe7 15. h3 Bh5 16. g4 Bg6 17. Bxg6 fxg6 18. Qe1 Qf8 19. Ng5 Re8 20. Qf1 Bf4
21. Qd3 Bxd2 22. Qxd2 Qe7 23. Kf1 Nd8 24. Re1 Qxe1+ 25. Qxe1 Rxe1+ 26. Kxe1 Kg8
27. f4 Kf8 28. Kf2 Ke7 29. Kg3 Kf6 30. Nf3 b6 31. g5+ Ke6 32. Ne5 Kf5 33. Kf3
Ne6 34. Ng4 Nd8 35. Ne3+ Ke6 36. Kg4 c5 37. h4 cxd4 38. cxd4 Nc6 39. h5 gxh5+
40. Kxh5 Nxd4 41. Kg6 b5 42. f5+ Ke5 43. f6 gxf6 44. gxf6 Ne6 45. f7 d4 46. Nd1
d3 47. Kh7 b4 48. Kg8 d2 49. f8=Q Nxf8 50. Kxf8 Kd4 51. Ke7 Kd3 52. b3 Kc2 53.
Ne3+ Kb1 54. Kd6 Kxa2 55. Kc5 Kxb3 56. Kb5 Kc3 57. Ka4 a5 0-1

[Event "Trenton Quads (April)"]
[Site "Trenton, Mich."]
[Date "1992.04.26"]
[Round "2"]
[White "Conley, Steve"]
[Black "Moody, David"]
[Result "0-1"]
[WhiteElo "1974"]
[BlackElo "2004"]
[PlyCount "134"]
[EventDate "1992.04.26"]

1. c4 e5 2. g3 g6 3. Bg2 Bg7 4. Nc3 Nc6 5. e3 Nge7 6. Nge2 O-O 7. d4 exd4 8.
exd4 Nf5 9. d5 Ne5 10. c5 Qe7 11. Ne4 d6 12. cxd6 Nxd6 13. Nxd6 Qxd6 14. O-O
Bg4 15. h3 Bf3 16. Bxf3 Nxf3+ 17. Kg2 Ne5 18. Qb3 Rfe8 19. Bf4 c6 20. Rfd1 cxd5
21. Rxd5 Qc6 22. Rc1 Nc4 23. Qxc4 Qxc4 24. Rxc4 Rxe2 25. Rdc5 Bxb2 26. Bh6 Bg7
27. Rc8+ Re8 28. Rxa8 Rxa8 29. Be3 b5 30. Rb4 a6 31. a4 Bc3 32. Rb3 b4 33. a5
Rd8 34. Bc5 Rd5 35. Bb6 Rd2 36. Bc5 Ra2 37. Bxb4 Bxb4 38. Rxb4 Rxa5 39. Kf3 Ra1
40. Ke4 a5 41. Rb7 a4 42. Kd3 a3 43. Ra7 a2 44. Kc2 Rf1 45. Rxa2 Rxf2+ 46. Kb3
Rxa2 47. Kxa2 f5 48. Kb3 Kf7 49. Kc4 Ke6 50. Kd4 g5 51. Ke3 Ke5 52. Kf3 h5 53.
Ke3 g4 54. h4 f4+ 55. gxf4+ Kf5 56. Ke2 Kxf4 57. Kf2 g3+ 58. Kg2 Kg4 59. Kg1
Kxh4 60. Kg2 Kg4 61. Kg1 Kf3 62. Kh1 g2+ 63. Kg1 h4 64. Kh2 Kf2 65. Kh3 g1=Q
66. Kxh4 Qg6 67. Kh3 Qg3# 0-1